| 000 | 01042nam a2200289 i 4500 | ||
|---|---|---|---|
| 001 | bg | ||
| 245 | 0 | 0 |
_aSłownik historii doktryn politycznych. _nT.2, _pD-H / _cred. nauk. Michał Jaskólski ; aut. t. Włodzimierz Bernacki [et al.]. |
| 260 |
_aWarszawa : _bWydaw. Sejmowe : _bKancelaria Sejmu, _c1999. |
||
| 300 |
_a473, [3] s. ; _c25 cm. |
||
| 504 | _aBibliogr. przy hasłach. | ||
| 650 | 9 |
_aIdeologia _xhistoria |
|
| 650 | 9 |
_aPaństwo _xteoria _xhistoria |
|
| 650 | 9 |
_aPrawo _xteoria _xhistoria |
|
| 655 | _aEncyklopedie | ||
| 700 | 1 |
_aJASKÓLSKI, Michał _d(1946- ). _eRed. |
|
| 700 | 1 | _aBERNACKI, Włodzimierz. | |
| 020 | _a8370593879 (t. 2) | ||
| 020 | _a8370592244 (całość) | ||
| 040 | _cBPK | ||
| 041 | 0 | _apol | |
| 080 | _a340.12(091)(03) | ||
| 920 | _a83-7059-387-9 (t. 2) | ||
| 920 | _a83-7059-224-4 (całość) | ||
| 942 | _cKS | ||
| 008 | s pl f |000 0 pol | ||
| 999 |
_c42544 _d42544 |
||
| 856 |
_uhttp://koha.tu.koszalin.pl/cgi-bin/koha/opac-detail.pl?biblionumber=42544 _yKatalog online BPK |
||